书目信息 |
| 题名: |
墨菲西斯
|
|
| 作者: | ;周春林 译 ;C3设计 编 | |
| 分册: | ||
| 出版信息: | 郑州 河南科学技术出版社 2004.01 |
|
| 页数: | 263页 | |
| 开本: | 30cm | |
| 丛书名: | 世界著名建筑师系列 | |
| 单 册: | ||
| 中图分类: | TU-867.12 | |
| 科图分类: | ||
| 主题词: | 建筑设计--作品集--美国--现代 | |
| 电子资源: | ||
| ISBN: | 7-5349-3073-1 | |
| 000 | 01103nam 2200277 450 | |
| 001 | 0169151281 | |
| 005 | 20050823120215.56 | |
| 010 | @a7-5349-3073-1@dCNY173.00 | |
| 100 | @a20050504d2004 km y0chiy0120 ea | |
| 101 | 1 | @achi@aeng@ckor |
| 102 | @aCN@b410000 | |
| 105 | @aa z 000yy | |
| 200 | 1 | @a墨菲西斯@Amo fei xi si@d= Morphosis@f(韩) C3设计@F(han)C3 she ji@g周春林译@Gzhou chun lin yi@zeng |
| 210 | @a郑州@c河南科学技术出版社@d2004.01 | |
| 215 | @a263页@c图@d30cm | |
| 225 | 2 | @a世界著名建筑师系列@v7 |
| 306 | @a本书由韩国C3出版公司授权河南科学技术出版社独家出版发行。 | |
| 330 | @a汤姆·梅恩是美国当代著名建筑设计师。以他为主的墨菲西斯设计事务所在建筑界享有盛誉。本书收录了他50个作品。每个作品均附有大量的彩图和平面图、立面图、剖面图、轴测图等,并配以文字分析作品的设计背景、风格特点和表现手法。 | |
| 410 | 0 | @12001 @a世界著名建筑师系列 |
| 510 | 1 | @aMorphosis@zeng |
| 606 | 0 | @a建筑设计@x作品集@y美国@z现代 |
| 690 | @aTU-867.12@v4 | |
| 702 | 0 | @a周春林@Azhou chun lin@4译 |
| 711 | 02 | @aC3设计@AC3 she ji@4编 |
| 801 | 0 | @aCN@bQSSK@c20050823 |
| 905 | @a10447@dTU-867.12@eZ753 | |
| 墨菲西斯= Morphosis/(韩) C3设计/周春林译.-郑州:河南科学技术出版社,2004.01 |
| 263页:图;30cm.-(世界著名建筑师系列;7) |
| ISBN 7-5349-3073-1:CNY173.00 |
| 汤姆·梅恩是美国当代著名建筑设计师。以他为主的墨菲西斯设计事务所在建筑界享有盛誉。本书收录了他50个作品。每个作品均附有大量的彩图和平面图、立面图、剖面图、轴测图等,并配以文字分析作品的设计背景、风格特点和表现手法。 |
| ● |
| 相关链接 |
|
|
|
正题名:墨菲西斯
索取号:TU-867.12/Z753
 
预约/预借
| 序号 | 登录号 | 条形码 | 馆藏地/架位号 | 状态 | 备注 |
| 1 | 565245 | 205652453 | 建筑库101/101建筑库 21排3列1层/ [索取号:TU-867.12/Z753] | 在馆 |